| 000 | 00505nam a2200169 a 4500 | ||
|---|---|---|---|
| 001 | 000028078 | ||
| 005 | 20200930031330.0 | ||
| 008 | 110406s1983 dr a 000 0 spa d | ||
| 040 |
_aDO-SdBNP _bspa _cBNPHU |
||
| 100 | 1 |
_aArzeno Romero, Luis E. _955097 |
|
| 245 | 1 | 0 |
_aRadiologĂa dental / _cLuis Arzeno Romero. |
| 260 |
_aSanto Domingo : _bUniversidad CETEC, _c1983. _fEditora Educativa Dominicana |
||
| 300 |
_a69 p. ; _c22 cm. |
||
| 490 | 1 |
_aCiencias _v4 |
|
| 830 | 0 |
_aCiencias _v4 _955098 |
|
| 049 | _aBNPD | ||
| 999 |
_c27570 _d27570 |
||